Vesʹ nash mir : roman /

Bibliographic Details
Main Author: Soler Puig, José
Other Authors: Trauberg, N.
Format: Book
Language:Russian
Published: Moskva : Khudozhestvennai︠a︡ literatura, 1987.

MARC

Tag First Indicator Second Indicator Subfields
LEADER 00000cam a2200000 a 4500
001 in00002027770
005 20151031170757.0
008 880907s1987 ru a 000 f rus c
035 |a (OCoLC)ocm18454056 
040 |a IXA  |c IXA  |d OCL  |d TXA  |d UtOrBLW 
041 1 |a rus  |h spa 
042 |a pcc 
049 |a TXAM 
050 4 |a PQ7389.S52  |b M817 1987 
100 1 |a Soler Puig, José. 
240 1 0 |a Mundo de cosas.  |l Russian 
245 1 0 |a Vesʹ nash mir :  |b roman /  |c Khose Soler Puig ; perevod s ispanskogo, N. Trauberg. 
264 1 |a Moskva :  |b Khudozhestvennai︠a︡ literatura,  |c 1987. 
300 |a 267 pages :  |b illustrations ;  |c 21 cm. 
336 |a text  |b txt  |2 rdacontent 
337 |a unmediated  |b n  |2 rdamedia 
338 |a volume  |b nc  |2 rdacarrier 
500 |a Translation of: Un Mundo de cosas. 
700 1 |a Trauberg, N. 
948 |a cataloged  |b h  |c 2005/2/11  |d c  |e tchubaryan  |f 4:13:02 pm 
994 |a E0  |b TXA 
999 |a MARS 
999 f f |s d1244257-00af-3a13-9d71-10fb326367cd  |i 0bc01b30-2646-3fc2-a8d6-1c21cc8bf694  |t 0 
952 f f |p ric  |a Texas A&M University  |b Rellis Campus  |c Joint Library Facility  |d Remote Storage  |t 0  |e PQ7389.S52 M817 1987  |h Library of Congress classification  |i unmediated -- volume  |m A14831760923 
998 f f |a PQ7389.S52 M817 1987  |t 0  |l Remote Storage